Sta Catalina de Siena

-д хадгалсан:
Номзүйн дэлгэрэнгүй
Үндсэн зохиолч: Ferretti, Lodovico (Зохиогч)
Формат: Ном
Хэл сонгох:испани
Хэвлэсэн: Roma Sociedad Editora de Arte Ilustrado 1924
Цуврал:Colección Iconográfica. Serie Arte Religioso
Нөхцлүүд:
Шошгууд: Шошго нэмэх
Шошго байхгүй, Энэхүү баримтыг шошголох эхний хүн болох!

MARC

LEADER 00000nam a2200000 a 4500
001 UCZ2419
003 CL-VaPUC
008 951005e19240000IT |||||||||||||||||spa|d
082 0 4 |a 704.948  |b FER  |2 21 
100 0 |a Ferretti, Lodovico  |e author  |9 346180 
245 1 0 |a Sta Catalina de Siena 
300 |a 16 p 
942 |c BK 
945 |d 19951005 00:00:00  |a rbrito 
260 |a Roma  |b Sociedad Editora de Arte Ilustrado  |c 1924 
600 0 7 |a SANTA CATALINA DE SIENA  |2 CL-VaPUC  |9 267294 
650 0 |a Arte religioso  |9 330545 
650 7 |a PINTURA RELIGIOSA  |2 CL-VaPUC  |9 340359 
650 7 |a ESCULTURA RELIGIOSA  |2 CL-VaPUC  |9 346181 
583 |a last modification  |c 19951005 00:00:00  |k Rodrigo Vera 
490 0 |a Colección Iconográfica. Serie Arte Religioso 
999 |c 239023  |d 239021 
952 |0 0  |1 0  |4 0  |6 704_948000000000000_FER_1924  |7 0  |8 A  |9 249804  |a BIBART  |b BIBART  |d 2019-11-18  |i 3139506  |o 704.948 FER 1924  |p 3139506  |r 2025-03-13  |w 2019-11-18  |y BK  |k ART